000 00294pab a2200121 454500
008 180718b xxu||||| |||| 00| 0 eng d
100 _aLall John
245 _aIAS: time to stand fast
362 _a23 Dec 93, p.13
650 _aCivil Service -- India
773 _aHindustan Times
909 _a25775
999 _c25775
_d25775